00359nam a2200145Ia 4500008004100000020001500041041001200056082002300068100001700091245004100108250001200149260002700161300001200188650001300200231217s9999 xx 000 0 und d a8131403939 aEnglish a658.0403 SHA;1 R aSharma, G K. 0aDictionary of international business a1st ed. c2006bIcfaiaHyderabad aii, 201 abusiness